Statistics for management and economics (Record no. 108)
[ view plain ]
| 000 -LEADER | |
|---|---|
| fixed length control field | 00488nam a22001457a 4500 |
| 008 - FIXED-LENGTH DATA ELEMENTS--GENERAL INFORMATION | |
| fixed length control field | 260113b |||||||| |||| 00| 0 eng d |
| 010 ## - LIBRARY OF CONGRESS CONTROL NUMBER | |
| LC control number | 2007936976/ HD30.215 .K45 2009 |
| 020 ## - INTERNATIONAL STANDARD BOOK NUMBER | |
| International Standard Book Number | 9780324569490 |
| 100 ## - MAIN ENTRY--PERSONAL NAME | |
| Personal name | Gerald Keller |
| 245 ## - TITLE STATEMENT | |
| Title | Statistics for management and economics |
| Statement of responsibility, etc. | By: Keller, Gerald |
| 260 ## - PUBLICATION, DISTRIBUTION, ETC. | |
| Place of publication, distribution, etc. | Mason, OH; |
| Name of publisher, distributor, etc. | South-Western Cengage Learning. |
| Date of publication, distribution, etc. | c2009. |
| 300 ## - PHYSICAL DESCRIPTION | |
| Extent | 1 v. (various pagings) : ill. ; |
| Dimensions | 26 cm. |
| Accompanying material | + 1 CD-ROM (4 3/4 in.) |
| 942 ## - ADDED ENTRY ELEMENTS (KOHA) | |
| Source of classification or shelving scheme | Library of Congress Classification |
No items available.
